书目信息 |
| 题名: |
五光十色
|
|
| 作者: | 张成明 主编 | |
| 分册: | ||
| 出版信息: | 北京 中国少年儿童出版社 1999 |
|
| 页数: | 249页 | |
| 开本: | 19cm | |
| 丛书名: | 少先队活动丛书 | |
| 单 册: | ||
| 中图分类: | D432.51 | |
| 科图分类: | ||
| 主题词: | 少年先锋队活动--中国 , 少年先锋队活动 | |
| 电子资源: | ||
| ISBN: | 7-5007-4767-5 | |
| 000 | 00659oam2 2200241 450 | |
| 001 | 1239506979 | |
| 005 | 20121005105922.57 | |
| 010 | @a7-5007-4767-5@dCNY9.00 | |
| 100 | @a19990901d1999 cd y0chiy0110 ea | |
| 101 | 0 | @achi |
| 102 | @aCN@b110000 | |
| 105 | @ay z 000yy | |
| 200 | 1 | @a五光十色@Awu guang shi se@f张成明主编 |
| 210 | @a北京@c中国少年儿童出版社@d1999 | |
| 215 | @a249页@d19cm | |
| 225 | 2 | @a少先队活动丛书 |
| 461 | 0 | @12001 @a少先队活动丛书 |
| 606 | 0 | @a少年先锋队活动@y中国 |
| 606 | 0 | @a少年先锋队活动 |
| 690 | @aD432.51@v3 | |
| 701 | 0 | @a张成明@Azhang cheng ming@4主编 |
| 801 | 0 | @aCN@bNLC@c20101222 |
| 905 | @a10447@dD432.51@eJY52 | |
| 五光十色/张成明主编.-北京:中国少年儿童出版社,1999 |
| 249页;19cm.-(少先队活动丛书) |
| ISBN 7-5007-4767-5:CNY9.00 |
| ● |
| 相关链接 |
|
|
|
|
正题名:五光十色
索取号:D432.51/JY52
 
预约/预借
| 序号 | 登录号 | 条形码 | 馆藏地/架位号 | 状态 | 备注 |
| 1 | 7811700 | 278117002 | 学院路分馆/ [索取号:D432.51/JY52] | 在馆 | |
| 2 | 7811701 | 278117011 | 学院路分馆/ [索取号:D432.51/JY52] | 在馆 | |
| 3 | 7811702 | 278117020 | 学院路分馆/ [索取号:D432.51/JY52] | 在馆 | |
| 4 | 7811703 | 278117039 | 学院路分馆/ [索取号:D432.51/JY52] | 在馆 |